Ennemis de Captain America - Statistiques

Statistiques générales
  • Ce quiz a été pris 61 fois
  • Le résultat moyen est 4 sur 55
Statistiques - réponses
Réponse % Correct
Crâne Rouge / Red Skull
91%
Hydra
55%
Soldat de l'Hiver / Winter Soldier
55%
Baron Zemo
28%
Arnim Zola
26%
Crossbones
17%
M.O.D.O.K
17%
Alexander Pierce
9%
Batroc
9%
Vipère / Viper
9%
A.I.M
6%
Docteur Faustus / Doctor Faustus
6%
Madame Hydra
4%
Aile Noire / Blackwing
2%
Anaconda
2%
Anguille / Eel
2%
Asp
2%
Baron Blood
2%
Baron Von Strucker
2%
Bushmaster
2%
Caïd / Kingpin
2%
Cottonmouth
2%
Death Adder / Aspic
2%
Electro
2%
Flag-Smasher
2%
Gamecock / Coq de combat
2%
Homme Plante / Plantman
2%
M.O.D.A.M
2%
Porc-épic / Porcupine
2%
Sidewinder / Dragon
2%
Tatou / Armadillo
2%
Black Racer
0%
Blue Streak
0%
Boomslang
0%
Coachwhip
0%
Constricteur / Constrictor
0%
Diamond Head / Tête de Diamant
0%
Epouvantail / Scarecrow
0%
Fer-de-Lance
0%
George Maxon
0%
Griffon / Griffin
0%
Jasper Sitwell
0%
Madcap
0%
Maître de la Haine / Hate Monger
0%
Master Man
0%
Power Broker
0%
Princesse Python / Princess Python
0%
Puff Adder
0%
Pygargue / Killer Shrike
0%
Python des Roches / Rock Python
0%
Ringmaster
0%
Sin
0%
Superia
0%
Vermin
0%
Warrior Woman
0%
Aucun quiz correspondant
Distribution des résultats
% des personnes avec chaque résultat
Percentile par nombre de réponses
Votre historique - résultats
Vous n’avez pas pris ce quiz